000 00655nam a2200265Ia 4500
005 20260121161350.0
008 008 260114s9999 xx 000 0 eng d
020 _a9781003410058
037 _aEBOOK
040 _aCRL
040 _beng
040 _cCRL
041 _2eng
041 _aeng
084 _qCRL
100 _aThe Darker Side of Social Media
_91043623
245 0 _aAngeline Close Scheinbaum
260 _bTaylor and Francis
260 _c2024
650 _aPsychological Science
_91043624
856 _uhttp://www.taylorfrancis.com/books/9781003410058
942 _cEBOOK
999 _c1610216
_d1610216